| 000 | 01118nam0a22002651 4500 | ||
|---|---|---|---|
| 001 | rc\635612 | ||
| 005 | 20250621192559.0 | ||
| 035 | _a(NLR Aleph) 005877501 | ||
| 090 |
_a6043392 _c6043392 |
||
| 100 | _a20031121d1986 |||y0rusy50 ca | ||
| 101 | 0 | _arus | |
| 102 | _aRU | ||
| 105 | _aa ||||||||| | ||
| 200 | 1 |
_aМоделирование крупномасштабных процессов в атмосфере и океане _e[Сб. ст.] _fПод ред. чл.-кор. АН УзССР А.Н. Филатова |
|
| 210 |
_aЛ. _cГидрометеоиздат _d1986 |
||
| 215 |
_a128 с. _cил. _d21 |
||
| 225 | 1 |
_aТруды Гидрометеорологического научно-исследовательского центра СССР _vВып. 273 |
|
| 300 | _aВ надзаг.: Гос. ком. СССР по гидрометеорологии и контролю природ. среды | ||
| 320 | _aБиблиогр. в конце ст. | ||
| 702 | 1 |
_aФилатов _bА.Н. _4340 |
|
| 801 | 0 |
_aRU _bNLR _gpsbo |
|
| 801 | 1 |
_aRU _bELAR _2rusmarc |
|
| 852 |
_aNLR _jП8/813 |
||
| 942 | _cBOOK | ||
| 980 | _aNB | ||